000 00506nam a2200181 i 4500
001 87068
003 ES-MaACL
005 20230906175603.0
007 t|
008 041217s1970 sp ||||1| spa d
100 1 _aKoch, Kurt E.
_968403
245 1 3 _aEl diccionario del diablo /
_cKurt E. Koch ; [versión Samuel Vila].
250 _a[1ª ed.].
260 _a[Tarrasa :
_bSamuel Vila,
_c1970]
300 _a162 p. ;
_c19 cm.
700 1 _aVila, Samuel.
_9114705
852 _aES-MaACL
_jC-50596
_bR.73236
999 _c87068
_d87068